000 00288nam a2200109Ia 4500
008 190907s9999||||xx |||||||||||||| ||und||
100 _aDavid B. Yoffie
245 0 _aStrategic Management in Information Technology
260 _aIndia
_bPrentice Hall Inc.
_c1994
300 _a380
942 _cBK
999 _c6569
_d6569